[Event "NED-ch U16 Youth 2019"]
[Site "Assen"]
[Date "2019.05.04"]
[Round "7.7"]
[White "Verheul, Job"]
[Black "Roothaan, Elmar"]
[Result "0-1"]
[WhiteElo "1605"]
[BlackElo "1711"]
[Annotator "NA RC"]
[PlyCount "107"]
[EventDate "2019.04.28"]
[EventType "swiss"]
[EventCountry "NED"]
[SourceTitle "playchess.com"]
[Source "ChessBase"]
[SourceQuality "1"]
[TimeControl "40/5400+30:1800+30"]

1. e4 {[%emt 0:00:00]} c5 {[%emt 0:00:00]} 2. c3 {[%emt 0:00:00]} d5 {[%emt 0:00:05]} 3. exd5 {[%emt 0:00:00]} Qxd5 {[%emt 0:00:10]} 4. d4 {[%emt 0:00:00]} cxd4 {[%emt 0:00:29]} 5. cxd4 {[%emt 0:00:00]} e6 {[%emt 0:00:33]} 6. Nf3 {[%emt 0:01:31]} Bd7 {[%emt 0:01:21]} 7. Nc3 {[%emt 0:01:19]} Qa5 {[%emt 0:00:54]} 8. Bd3 {[%emt 0:03:13]} Nf6 {[%emt 0:00:23]} 9. O-O {[%emt 0:00:58]} Be7 {[%emt 0:02:07]} 10. Re1 {[%emt 0:06:40]} h6 {[%emt 0:01:48]} 11. a3 {[%emt 0:10:31]} O-O {[%emt 0:01:39]} 12. Bc2 {[%emt 0:07:37]} Bc6 {[%emt 0:03:18]} 13. Ne5 {[%emt 0:12:09]} Rd8 {[%emt 0:03:57]} 14. Qe2 {[%emt 0:19:36]} Rxd4 {[%emt 0:05:43]} 15. Nxf7 {[%emt 0:01:23]} Bd7 {[%emt 0:09:12]} 16. Ne5 {[%emt 0:08:59]} Be8 {[%emt 0:00:22]} 17. Ng6 {[%emt 0:04:21]} Bxg6 {[%emt 0:00:37]} 18. Qxe6+ {[%emt 0:00:15]} Bf7 {[%emt 0:00:05]} 19. Qxe7 {[%emt 0:00:13]} Rd7 {[%emt 0:01:30]} 20. Qe5 {[%emt 0:05:14]} Qxe5 {[%emt 0:00:43]} 21. Re3 {[%emt 0:16:31]} Qe4 22. Rxe4 {[%emt 0:00:00]} Nc6 {[%emt 0:00:35]} 23. Re1 {[%emt 0:00:00]} Nd4 {[%emt 0:03:09]} 24. Ba4 {[%emt 0:00:00]} Rc7 {[%emt 0:01:31]} 25. Be3 {[%emt 0:00:00]} Nf5 {[%emt 0:01:47]} 26. Bf4 {[%emt 0:00:00]} Rc4 {[%emt 0:00:31]} 27. Be5 {[%emt 0:00:00]} Ng4 {[%emt 0:04:41]} 28. Rad1 {[%emt 0:00:00]} Rxa4 {[%emt 0:04:13]} 29. Nxa4 {[%emt 0:00:00]} Bb3 {[%emt 0:00:04]} 30. Nc3 {[%emt 0:03:16]} Bxd1 {[%emt 0:00:05]} 31. Nxd1 {[%emt 0:00:03]} Rd8 {[%emt 0:00:35]} 32. Bc3 {[%emt 0:01:08]} Nd4 {[%emt 0:02:22]} 33. f3 {[%emt 0:01:01]} Nc2 {[%emt 0:01:14]} 34. Rf1 {[%emt 0:00:25]} Nf6 {[%emt 0:01:32]} 35. Kf2 {[%emt 0:00:34]} Nd5 {[%emt 0:00:47]} 36. Kg3 {[%emt 0:00:24]} Nxc3 {[%emt 0:02:20]} 37. Nxc3 {[%emt 0:00:08]} Ne3 {[%emt 0:00:35]} 38. Re1 {[%emt 0:00:31]} Nf5+ {[%emt 0:00:22]} 39. Kf2 {[%emt 0:00:13]} Kf7 {[%emt 0:00:06]} 40. Rd1 {[%emt 0:00:12]} Rxd1 {[%emt 0:00:40]} 41. Nxd1 {[%emt 0:30:08]} Nd6 {[%emt 0:30:12]} 42. Ne3 {[%emt 0:00:54]} Ke6 {[%emt 0:00:10]} 43. Ke2 {[%emt 0:00:00]} g6 {[%emt 0:00:00]} 44. Kd3 {[%emt 0:00:00]} a6 {[%emt 0:00:00]} 45. a4 {[%emt 0:00:00]} Nf7 {[%emt 0:00:00]} 46. Kd4 {[%emt 0:00:00]} Ne5 {[%emt 0:00:00]} 47. Nc4 {[%emt 0:00:00]} Nd7 {[%emt 0:00:00]} 48. b4 {[%emt 0:00:00]} b6 {[%emt 0:00:00]} 49. b5 {[%emt 0:00:00]} a5 {[%emt 0:00:00]} 50. g4 {[%emt 0:00:00]} h5 {[%emt 0:00:00]} 51. gxh5 {[%emt 0:04:15] Ke5+ [%clk 0:00:00] Ke4+ [%clk 0:00:00]} gxh5 {[%emt 0:53:03]} 52. h4 {[%emt 0:02:18]} Kf5 {[%emt 0:00:30]} 53. Kd5 {[%emt 0:00:30]} Kf4 {[%emt 0:00:30] Ke4 [%clk 0:00:00] Ke5+ [%clk 0:00:00]} 54. Ne3 0-1